| 000 | 01245nam0a2200337 4500 | ||
|---|---|---|---|
| 001 | RU\NLR\BIBL_A\021969598 | ||
| 005 | 20230719143059.0 | ||
| 010 |
_a978-5-6049469-2-3 _930 |
||
| 021 |
_aRU _bКН-П-23-034819 _9КН-П-23-3453 |
||
| 035 | _a(NLR Aleph) 021969598 | ||
| 035 | _a(RuMoRGB)011816655 | ||
| 090 |
_a12355490 _c12355490 |
||
| 100 | _a20230626d2023 u y0rusy50 ca | ||
| 101 | 0 | _arus | |
| 102 | _aRU | ||
| 105 | _ay|||z||||||z| | ||
| 181 | 1 |
_ai _baxxe |
|
| 182 | 1 | _an | |
| 200 | 1 |
_aНеофит _eроман-фэнтези _fД. Нилмер |
|
| 203 |
_aТекст _bвизуальный _cнепосредственный |
||
| 210 |
_aНижний Новгород _cИП Якушов Ю. И _d2023 |
||
| 215 |
_a370 с. _d21 |
||
| 327 | 1 | _aВ кн. также: Путями звезд: начало второго романа, связанного с героями "Неофита" | |
| 675 |
_a821.161.1-31 _v4 |
||
| 686 | 2 | _aШ6(2=Р)8-445 | |
| 700 | 1 |
_aНилмер _bД. |
|
| 942 | _cBOOK | ||
| 980 | _aNB | ||